| 000 | 00877nam a2200253 a 4500 | ||
|---|---|---|---|
| 008 | |||
| 020 | _a013453333X | ||
| 020 | _a0134533259 (pbk.) | ||
| 049 | _aMAIN | ||
| 090 |
_aQA76.7 _bPEY |
||
| 100 | 1 | _aPeyton Jones, Simon L. | |
| 245 | 1 | 4 |
_aThe implementation of functional programming languages / _cSimon L. Peyton Jones ; with chapters by Philip Wadler, Peter Hancock, David Turner. |
| 260 |
_aEnglewood Cliffs, NJ. : _bPrentice-Hall, _cc1987. |
||
| 300 |
_axviii, 445 p. ; _c23 cm. |
||
| 440 | _aPrentice-Hall international series in computer science. | ||
| 504 | _aIncludes bibliographical references. | ||
| 500 | _aIncludes index. | ||
| 650 | 0 | _aFunctional programming languages. | |
| 907 |
_a.b10044747 _b29-03-12 _c17-04-03 |
||
| 003 | |||
| 005 | 20230123133214.0 | ||
| 040 | _cNUST | ||
| 942 |
_cBOOKS _kQA76.7 _mPEY |
||
| 999 |
_c144567 _d144567 |
||